000 00388nam a2200145Ia 4500
008 230917s9999||||xx |||||||||||||| ||und||
040 _e62931
_aMAIN
041 _aEnglish
082 _a320.072 E37S
100 _aEagles, Munroe, ed
245 0 _aSpatial and contextual models in political research
260 _aLondon
_bTaylor and Francis
_c1995
300 _axvi, 286 p.
942 _cBK
999 _c95712
_d95712